书目信息 |
| 题名: |
整个世界都是教室
|
|
| 作者: | 艾瑞堂 著 | |
| 分册: | ||
| 出版信息: | 上海 华东师范大学出版社 2016 |
|
| 页数: | 161页 | |
| 开本: | 24cm | |
| 丛书名: | 课堂教学转型丛书 | |
| 单 册: | ||
| 中图分类: | G633.202 | |
| 科图分类: | ||
| 主题词: | 政治课--zheng zhi ke--课堂教学--教学研究--中学 | |
| 电子资源: | ||
| ISBN: | 978-7-5675-5007-0 | |
| 000 | 01013nam0 22002651 450 | |
| 001 | 0118172305 | |
| 005 | 20170618172305.0 | |
| 010 | @a978-7-5675-5007-0@dCNY22.00 | |
| 100 | @a20160721d2016 em y0chiy50 ea | |
| 101 | 0 | @achi |
| 102 | @aCN@b310000 | |
| 105 | @ay z 000yy | |
| 106 | @ar | |
| 200 | 1 | @a整个世界都是教室@Azheng ge shi jie du shi jiao shi@e“宽课堂”的品格与态度@f艾瑞堂著 |
| 210 | @a上海@c华东师范大学出版社@d2016 | |
| 215 | @a161页@d24cm | |
| 225 | 2 | @a课堂教学转型丛书@Ake tang jiao xue zhuai xing cong shu@f杨四耕主编 |
| 330 | @a本书分为五章,内容包括宽容:每一个孩子都不一样;宽广:整个世界都是课堂;宽松:每一条意见都值得尊重;宽心:直抵灵魂深处的课堂等。 | |
| 461 | 0 | @12001 @a课堂教学转型丛书 |
| 517 | 1 | @a“宽课堂”的品格与态度@Akuan ke tang de pin ge yu tai du |
| 606 | 0 | @a政治课@Azheng zhi ke@x课堂教学@x教学研究@x中学 |
| 690 | @aG633.202@v5 | |
| 701 | 0 | @a艾瑞堂@Aai rui tang@c(中学教师)@4著 |
| 801 | 0 | @aCN@bTANGWEI@c20170615 |
| 905 | @b1009245-50@dG633.202@e131@f6 | |
| 整个世界都是教室:“宽课堂”的品格与态度/艾瑞堂著.-上海:华东师范大学出版社,2016 |
| 161页;24cm.-(课堂教学转型丛书/杨四耕主编) |
| ISBN 978-7-5675-5007-0:CNY22.00 |
| 本书分为五章,内容包括宽容:每一个孩子都不一样;宽广:整个世界都是课堂;宽松:每一条意见都值得尊重;宽心:直抵灵魂深处的课堂等。 |
| ● |
| 相关链接 |
|
|
|
|
正题名:整个世界都是教室
索取号:G633.202/131
 
预约/预借
| 序号 | 登录号 | 条形码 | 馆藏地/架位号 | 状态 | 备注 |
| 1 | 1009245 | 210092451 | 第一样本阅览室/ [索取号:G633.202/131] | 在馆 | |
| 2 | 1009246 | 210092460 | 教育系资料室/ [索取号:G633.202/131] | 在馆 | |
| 3 | 1009247 | 210092479 | 教育系资料室/ [索取号:G633.202/131] | 在馆 | |
| 4 | 1009248 | 210092488 | 教育系资料室/ [索取号:G633.202/131] | 在馆 | |
| 5 | 1009249 | 210092497 | 第四借阅区/ [索取号:G633.202/131] | 在馆 | |
| 6 | 1009250 | 210092503 | 第四借阅区/ [索取号:G633.202/131] | 在馆 |